The chronicle of Theophanes Confessor : Byzantine and Near Eastern history , AD 284-813
Saved in:
| Main Author: | |
|---|---|
| Other Authors: | , , |
| Format: | Book |
| Language: | English |
| Published: |
Oxford :
Clarendon Press,
1997.
|
| Subjects: | |
| Tags: |
Add Tag
No Tags, Be the first to tag this record!
|
MARC
| LEADER | 00000cam a2200000 i 4500 | ||
|---|---|---|---|
| 001 | 1/664 | ||
| 008 | 000410s1997 enk| ||| |||| ||eng|| | ||
| 020 | |a 0198225687 | ||
| 035 | |l 10059740 | ||
| 040 | |a GR-MyUa |b gre |e AACR2 | ||
| 041 | 0 | |a eng | |
| 082 | 7 | |a 938.34 | |
| 100 | 0 | |a Θεοφάνης ο Ομολογητής, |d π. 760-817 ή 18. | |
| 245 | 1 | 4 | |a The chronicle of Theophanes Confessor : |b Byzantine and Near Eastern history , AD 284-813 / |c translated with introduction and commentary by Cyril Mango and Roger Scott with the assistance of Geoffrey Greatrex. |
| 260 | |a Oxford : |b Clarendon Press, |c 1997. | ||
| 300 | |a 744 σ. ; |c 25 εκ. | ||
| 500 | |a Περιλαμβάνει ευρετήριο. | ||
| 651 | 0 | |a Byzantine Empire |x History |y Isaurian dynasty, 717-811. | |
| 700 | 1 | |a Mango, Cyril A. |e trl | |
| 700 | 1 | |a Scott, Roger, |d 1938- |e trl | |
| 700 | 1 | |a Greatrex, Geoffrey, |e trl | |
| 852 | |a INST |b LESVOS |e 20000410 |h 938.34 CHR |p 005100020387 |q 005100020387 |t BK |y 0 | ||
| 901 | |a BIBL1-2000-1 | ||
| 970 | |a ΚΑΜΑΤΣΟΥ |b ΔΕΣΠΟΙΝΑ |z 2000/04/10 | ||